[Event "HON-ch qual1"]
[Site "San Pedro Sula"]
[Date "2019.11.21"]
[Round "7"]
[White "Rishmawy, Feisal"]
[Black "Vasquez Miranda, Lenin Jesed"]
[Result "1/2-1/2"]
[WhiteElo "1557"]
[BlackElo "1692"]
[PlyCount "99"]
[EventDate "2019.11.18"]
[EventType "swiss"]
[EventRounds "7"]
[EventCountry "HON"]
[SourceTitle "EXT 2021"]
[Source "ChessBase"]
[SourceDate "2020.10.23"]
[SourceVersion "1"]
[SourceVersionDate "2020.10.23"]
[SourceQuality "1"]

1. Nf3 c5 2. d3 Nf6 3. e4 d6 4. g3 g6 5. Bg2 Bg7 6. 0-0 0-0 7. Re1 Nc6 8. c3 Qb6 9. Nbd2 a5 10. Nc4 Qc7 11. a4 e6 12. e5 dxe5 13. Nfxe5 Nxe5 14. Nxe5 Rd8 15. Bg5 h6 16. Bxf6 Bxf6 17. Ng4 Bg7 18. Qd2 h5 19. Ne3 Bd7 20. g4 Be5 21. gxh5 Bxh2+ 22. Kh1 Bf4 23. hxg6 fxg6 24. Qe2 Bc6 25. Qg4 Bxg2+ 26. Nxg2 Qh7+ 27. Kg1 Bh2+ 28. Kf1 e5 29. Nh4 Rd6 30. Kg2 Bf4 31. Rh1 Qf7 32. Nf3 Rxd3 33. Qh3 Qg7 34. Qe6+ Kf8 35. Rh4 Re8 36. Qc4 Rxf3 37. Kxf3 Qf6 38. Qxc5+ Kg7 39. Rxf4 Qxf4+ 40. Ke2 Qe4+ 41. Qe3 Qc2+ 42. Qd2 Qxd2+ 43. Kxd2 Rd8+ 44. Ke3 Kf6 45. Rh1 Rb8 46. Rh7 b5 47. Ra7 bxa4 48. Rxa5 Rxb2 49. Rxa4 Rc2 50. Rc4 1/2-1/2